003290000a2200097000450024500470000030000530004777300160010094200080011695200900012499900170021410aHistorian Paul Johnson an American liberty aVol. 46, Num. 6 (Junio, 1996), Páginas 420-4250 tThe Freeman cANA 001040708HEMaFUSBCbFUSBCd2016-01-26l0o r2016-01-26 00:00:00w2016-01-26yANA c56331d56331